00917 2200325 4500001002100000005001500021035002000036007000300056008004100059020002200100040002200122082001400144084001600158090002200174100003000196245006500226250002600291300002900317500001100346650001400357700001800371850001200389504002500401264004700426336002100473337003000494338002300524999002200547990002200569INLIS00000000086112420210615022254 a0010-0621000659ta210615s2021 yoi gr 1 ind d a978-602-450-590-5 aYOPDYOGbinderda04223a158.7 a158.7 FUA p aCB-D.11 2021-07070 aFuad NashoricH.epenulis10aPsikologi resiliensi /cpenulis, Fuad Nashori, Iswan Saputro aCetakan I, April 2021 aix, 132 halaman ;c23 cm aIndeks 4aPsikologi0 aIswan Saputro aYOPDYOG aTermasuk bibliografi31aSleman :bUniversitas Sebelas Maret,c2021 2rdacontentateks 2rdamediaatanpa perantara 2rdacarrieravolume aCB-D.11/2021-0707 aCB-D.11/2021-0707